Cost studies of buildings

Bibliographic Details
Main Author: Ashworth, Allan
Format: Book
Published: London : Longman Group , 1994
Edition:2nd ed.
Subjects:

MARC

LEADER 00000cam a2200000 7i4500
001 0000002035
005 20050614.0
020 |a 0582228735 
040 |a INS 
090 0 0 |a TH435.   |b A85 1994 
100 1 |a Ashworth, Allan 
245 1 0 |a Cost studies of buildings   |c Alan Ashworth 
250 |a 2nd ed. 
260 |a London :   |b Longman Group ,   |c 1994 
300 |a 330p. 
650 0 0 |a Building   |x estimates 
999 |a 0000007156   |b BOOK   |c Open Shelf   |e Default branch